00559 2200181 4500245013200000020002200132250001100154100002300165700001800188700002200206650003700228005001900265260003300284041001400317084001200331300002500343336000900368 aEnsiklopedia Pemerintahan & Kewarganegaraan b : Sistem dan Bentuk Pemerintahan di Indonesia jilid 6cDrs. Hasyimsah dkkhText a978-979-3535-82-1 aCet. 1 aDrs. Hasyimsah dkk aHenry T Purba aWidayat Priambodo aPemerintahan dan Kewarganegaraan a20240926114733 aJakartabLENTERA ABADIc2010 aIndonesia aR 320.9 ax, 128 hlm, :c30 cm atext